| 000 | 01051nam a2200265 i 4500 | ||
|---|---|---|---|
| 001 | 163183 | ||
| 003 | ES-MaACL | ||
| 005 | 20230906212705.0 | ||
| 008 | 931025s1874 sp a |||| | spa d | ||
| 100 | 1 |
_aReid, Mayne ( _d1818-1883) _995977 |
|
| 245 | 1 | 3 |
_aEl ginete [sic] sin cabeza : _btercera parte de Los cazadores de caballos : escrito en inglés / _cpor el capitán Mayne-Reid ; traducción española por A. Soria. |
| 250 | _aEd. ilustrada con grab. | ||
| 260 |
_aMadrid : _bImp. y Librería de Gaspar y Roig, _c1874. |
||
| 300 |
_a63 p. : _bil. ; _c28 cm. |
||
| 490 | 1 | _aBiblioteca ilustrada de Gaspar y Roig | |
| 490 | 1 | _aAventuras de mar y tierra | |
| 597 | _aTexto a dos col. | ||
| 599 | _aGrab. litográficos. | ||
| 700 | 1 |
_aSoria, A. _9132828 |
|
| 740 | 3 | 2 | _aEl jinete sin cabeza. |
| 830 | 1 |
_aBiblioteca ilustrada de Gaspar y Roig _9177255 |
|
| 830 | 1 |
_aAventuras de mar y tierra _9188405 |
|
| 852 |
_aES-MaACL _jC-1198(1) _z- Enc. hol., conservando la enc. original _z- Legado de Modesto de la Fuente |
||
| 999 |
_c163183 _d163183 |
||